000 00279nam a22001217a 4500
020 _aNA
082 _222
_a338.5
100 _aBesanko david and broeutigam ronald.
245 _aMicroeconomics /
260 _aJ,W,S
_bJ,W,S
_cc2008
300 _a809p.'
_bNA
_c24cm.
942 _2ddc
_cMAG
999 _c2829
_d2829